Škola prírodných záhrad Navrhujeme, budujeme, pestujeme v malej permakultúrnej záhrade

Saved in:
Bibliographic Details
Main Author Sekulová, Hanka
Format Electronic eBook
LanguageCzech
Published Grada SK 2024
Edition1. elektronické vydání
Subjects
Online AccessDostupné v BOOKPORT po přihlášení pomocí eduID
ISBN978-80-8090-908-6
978-80-8090-907-9
Physical Description1 online zdroj (312 stran)

Cover

LEADER 00000nam a2200000 i 4500
001 bkp100379
003 CZ-prgp
005 20241209084655.0
006 m o d
007 cr cn
008 241209s2024 xr o 000 0 cze
020 |a 978-80-8090-908-6  |c 648 Kč  |q (online ; pdf) 
020 |a 978-80-8090-907-9  |c 762 Kč  |q (print) 
040 |a Grada  |b cze  |e rda 
100 1 |a Sekulová, Hanka 
245 1 0 |a Škola prírodných záhrad  |b Navrhujeme, budujeme, pestujeme v malej permakultúrnej záhrade  |c Hanka Sekulová 
250 |a 1. elektronické vydání 
264 1 |b Grada SK  |c 2024 
300 |a 1 online zdroj (312 stran) 
336 |a text  |b txt  |2 rdacontent 
337 |a počítač  |b c  |2 rdamedia 
338 |a online zdroj  |b cr  |2 rdacarrier 
520 3 |a Naučme sa, ako si navrhnúť, vybudovať, vysadiť, vypestovať, ochrániť a udržiavať prírodnú, jedlú, liečivú záhradu s vhodnými rastlinami, opeľovačmi a ďalšími zvieracími pomocníkmi. Nebojujme, naopak, využime schopnosti prírody. Spojme sa s ňou a spolupracujme. 
650 0 4 |a Zahrada, zvířata, příroda 
650 0 4 |a Zahrada 
650 0 4 |a Úprava zahrady 
650 0 4 |a Zahradní rostliny 
856 4 0 |u https://www.bookport.cz/AccountSaml/SignIn/?idp=https://shibboleth.utb.cz/idp/shibboleth&returnUrl=/kniha/skola-prirodnych-zahrad-14252/  |y Dostupné v BOOKPORT po přihlášení pomocí eduID